000 01147nam0a22002891 4500
001 RU\INFOCOMM_322\NLR\5000216995
005 20250613111951.0
035 _a(NLR Aleph) 009600311
090 _a9306587
_c9306587
100 _a20130308d1971 |||y0rusy50 ca
101 0 _aeng
102 _aRU
105 _ay z |||||
200 1 _aNew isotopes: ²⁹*, ³⁰Mg, ³¹*, ³²*, ³³Al, ³³*, ³⁴*, ³⁵*, ³⁶Si, ³⁵*, ³⁶*, ³⁷*, ³⁸P, ³⁹*, ⁴⁰S and ⁴¹*, ⁴²Cl, produced in bombardment of a ²³²Th target with 290 MeV ⁴⁰Ar ions
_fA. G. Artukh, V. V. Avdeichikov, G. F. Gridnev [a. o.]
210 _aДубна
_d1971
215 _a10 с.
_cил.
_d22 см
225 1 _aˆ[‰Издания]
_fОбъед. ин-т ядерных исследований; Лаб. ядерных проблем
_vE7-5917
320 _aБиблиогр.: с. 8
686 _aФз-1665
_2rubbk
686 _aˆ[‰В383.4]
_2rubbk
701 1 _9z01790
_aArtjuch
_bA. G.
790 1 _9z01701
_aArtukh
_bA. G.
_4070
801 1 _aRU
_bInfocomm
_c20130308
801 0 _aRU
_bINFOCOMM
_gPSBO
852 _aNLR
_jP11/3130
942 _cBOOK
980 _aNB